Представление документа в формате RUSMARC

ПолеНазваниеЗначение
  Тип записи a
  Библиографический уровень m
001 Контрольный номер RU/SLIB/B/208719419
005 Дата корректировки 20201206203939.2
010 Индекс ISBN __
d Цена 3-00
101 Язык документа __
a Язык текста rus
200 Заглавие и сведения об ответственности 0_
a Заглавие По Кремлю
e Сведения, относящиеся к заглавию крат. путеводитель
b Общее обозначение материала Текст
205 Сведения об издании __
a Основные сведения об издании 5-е изд., доп.
210 Выходные данные __
a Место издания М.
c Издательство Моск. рабочий
d Дата издания 1975
215 Физическое описание __
a Объем 255 с.
c Иллюстрации/тип воспроизводства ил.
600 Персоналии __
a Персоналии (Фамилия) Бове, О.
600 Персоналии __
a Персоналии (Фамилия) Солярио, А.
600 Персоналии __
a Персоналии (Фамилия) Филатьев, Т.
600 Персоналии __
a Персоналии (Фамилия) Казаков, М. Ф.
600 Персоналии __
a Персоналии (Фамилия) Моторин, И.
605 Заглавие как предмет __
a Заглавие Кремль
605 Заглавие как предмет __
a Заглавие Успенский собор
606 Тематические рубрики __
a Основная рубрика История
z Хронологическая подрубрика 1147 г.; 1326-1340 гг.; 1485-1495 гг.; 12 в.; 14 в.; 15 в.
y Географическая подрубрика Россия; Москва
606 Тематические рубрики __
a Основная рубрика История России в целом
606 Тематические рубрики __
a Основная рубрика Изобразительное искусство и архитектура
606 Тематические рубрики __
a Основная рубрика Изобразительное искусство в целом
610 Ключевые слова __
a Ключевые слова дворцы
686 Индексы других классификаций __
a Классификационный индекс 63.3(2-2Москва)л6
686 Индексы других классификаций __
a Классификационный индекс 85
801 Источник записи _0
a Страна RU
b Организация Муниципальное бюджетное учреждение культуры "Централизованная библиотечная система" г. Сургут (Центральная городская библиотека им. А. С. Пушкина)
g Правила каталогизации ОК/Калинина О.В.
801 Источник записи _1
a Страна RU
b Организация Муниципальное бюджетное учреждение культуры "Централизованная библиотечная система" г. Сургут (Центральная городская библиотека им. А. С. Пушкина)
g Правила каталогизации ОК/Калинина О.В.
852 Данные о местонахождении __
j Шифр хранения 63.3(2-2Москва)л6
c Каталожный индекс 63.3(2-2Москва)л6; 85
i Авторский знак П 41
p Инвентарный номер 38720(с)
901 Тип документа __
t Тип документа m
903 Характеристики (МАРС) __
a Дата передачи 20081229
969 Тип издания __
a Тип издания путеводитель
990 Данные о заказе (DOS) __
j Количество экземпляров (DOS) 1